| 000 | 00503pab a2200193 454500 | ||
|---|---|---|---|
| 008 | 180718b2007 xxu||||| |||| 00| 0 eng d | ||
| 100 | _aJindal, Rohit | ||
| 245 | _aVoluntary carbon trading: potential for community forestry projects in India | ||
| 260 | _c2007 | ||
| 300 | _ap.107-26. | ||
| 362 | _aDec | ||
| 650 | _aForestry - India | ||
| 650 | _aForestry | ||
| 700 | _aNagar, Shailesh | ||
| 700 | _aKerr, John | ||
| 773 | _aAsia-Pacific Development Journal | ||
| 908 | _aN | ||
| 909 | _a81893 | ||
| 999 |
_c81893 _d81893 |
||